Statistics for Nearest foreign capital city to European countries

Click here to take the quiz!

General Stats

  • This quiz has been taken 20 times
  • The average score is 40 of 45

Answer Stats

CountryNearest capital% Correct
CzechiaBratislava
100%
AustriaBratislava
100%
NetherlandsBrussels
100%
EstoniaHelsinki
100%
CroatiaLjubljana
100%
IrelandLondon
100%
BelgiumLuxembourg
100%
FinlandTallinn
100%
BelarusVilnius
100%
PolandBerlin
94%
LiechtensteinBern
94%
MonacoBern
94%
LuxembourgBrussels
94%
BulgariaBucharest
94%
MoldovaBucharest
94%
RomaniaChisinau
94%
AndorraMonaco
94%
FranceMonaco
94%
DenmarkOslo
94%
AlbaniaPodgorica
94%
LithuaniaRiga
94%
ItalySan Marino
94%
GreeceSkopje
94%
NorwayStockholm
94%
LatviaVilnius
94%
HungaryBratislava
89%
GermanyLuxembourg
89%
PortugalMadrid
89%
Bosnia and HerzegovinaPodgorica
89%
North MacedoniaPristina
89%
San MarinoRome
89%
SwitzerlandVaduz
89%
SpainAndorra la Vella
83%
United KingdomDublin
83%
IcelandDublin
83%
MontenegroSarajevo
83%
KosovoSkopje
83%
SlovakiaVienna / Budapest
83%
UkraineChisinau
78%
SwedenCopenhagen
78%
SloveniaZagreb
78%
SerbiaPristina
61%
MaltaTripoli
50%
CyprusBeirut
44%
RussiaTbilisi
44%

Score Distribution

Percentile by Number Answered

Percent of People with Each Score

Your Score History

You have not taken this quiz